[Event "Bruges op-B"]
[Site "Bruges"]
[Date "2022.08.16"]
[Round "6"]
[White "Londers, Jan"]
[Black "Veldeman, Sieben"]
[Result "1-0"]
[WhiteElo "1734"]
[BlackElo "1535"]
[PlyCount "79"]
[EventDate "2022.08.13"]
[EventType "swiss"]
[EventRounds "9"]
[EventCountry "BEL"]
[SourceTitle "CBM 209 Extra"]
[Source "ChessBase"]
[SourceDate "2022.09.30"]
[SourceVersion "1"]
[SourceVersionDate "2022.09.30"]
[SourceQuality "1"]

1. e4 c5 2. Nf3 Nc6 3. d4 cxd4 4. Nxd4 Nf6 5. Nc3 e6 6. Nb3 Be7 7. Bd3 0-0 8. 0-0 d5 9. exd5 Nxd5 10. Qh5 g6 11. Qf3 Nxc3 12. bxc3 Bf6 13. Ba3 Re8 14. Rad1 Ne5 15. Qf4 Bd7 16. Bb5 b6 17. Bxd7 Nxd7 18. Rxd7 Qxd7 19. Qxf6 e5 20. Re1 Re6 21. Qf3 Rae8 22. Rd1 Qa4 23. Bc1 Kg7 24. a3 Qc4 25. Bg5 h6 26. Rd7 Rf8 27. Be3 a5 28. Nd2 Qa4 29. Qd5 Rfe8 30. Qb7 Rf8 31. Re7 Rf6 32. Qc7 Rf5 33. Rxe5 Qxc2 34. Rxf5 Qxf5 35. Qxb6 Rc8 36. g3 Kh7 37. c4 a4 38. c5 Qd3 39. Qf6 Rf8 40. Bd4 1-0